000 00431nam a22001577a 4500
005 20240910153309.0
008 240910b |||||||| |||| 00| 0 eng d
020 _a0631149333
050 _aREF LB 1027.B73 1986
100 _aBRANDES DONNA
245 _aA GUIDE TO STUDENT-CENTERED LEARNING
260 _aENGLAND
_bBASIL BLACKWELL
_c1986
300 _aX,275
500 _aINCLUDES BIBLIOGRAPHY AND APPENDIX
942 _2lcc
_cREF
999 _c212055
_d212055